Analyzing foreign policy / (Record no. 4375)
| 000 -LEADER | |
|---|---|
| fixed length control field | 01295cam a2200349 a 4500 |
| 001 - CONTROL NUMBER | |
| control field | 17438204 |
| 003 - CONTROL NUMBER IDENTIFIER | |
| control field | OSt |
| 005 - DATE AND TIME OF LATEST TRANSACTION | |
| control field | 20241114115252.0 |
| 008 - FIXED-LENGTH DATA ELEMENTS--GENERAL INFORMATION | |
| fixed length control field | 120822s2012 enka b 001 0 eng d |
| 010 ## - LIBRARY OF CONGRESS CONTROL NUMBER | |
| LC control number | 2012450796 |
| 020 ## - INTERNATIONAL STANDARD BOOK NUMBER | |
| International Standard Book Number | 9781352008067 |
| 020 ## - INTERNATIONAL STANDARD BOOK NUMBER | |
| International Standard Book Number | 0230237398 (pbk.) |
| 035 ## - SYSTEM CONTROL NUMBER | |
| System control number | (OCoLC)ocn779254764 |
| 040 ## - CATALOGING SOURCE | |
| Original cataloging agency | CDX |
| Language of cataloging | eng |
| Transcribing agency | CDX |
| Modifying agency | OCLCQ |
| -- | YDXCP |
| -- | DEBBG |
| -- | YNK |
| -- | BWX |
| -- | J2H |
| -- | WCL |
| -- | DLC |
| 042 ## - AUTHENTICATION CODE | |
| Authentication code | lccopycat |
| 050 00 - LIBRARY OF CONGRESS CALL NUMBER | |
| Classification number | JZ1242.B43 2020 |
| 082 04 - DEWEY DECIMAL CLASSIFICATION NUMBER | |
| Classification number | 327.101 |
| Edition number | 23 |
| 084 ## - OTHER CLASSIFICATION NUMBER | |
| Classification number | MK 1300 |
| Source of number | rvk |
| 100 1# - MAIN ENTRY--PERSONAL NAME | |
| Personal name | Beach, Derek. |
| 245 10 - TITLE STATEMENT | |
| Title | Analyzing foreign policy / |
| Statement of responsibility, etc | Derek Beach. and Rasmus Brun Pedersen |
| 250 ## - EDITION STATEMENT | |
| Edition statement | Second Edition |
| 260 ## - PUBLICATION, DISTRIBUTION, ETC. (IMPRINT) | |
| Place of publication, distribution, etc | Basingstoke, Hampshire [U.K.] ; |
| -- | New York : |
| Name of publisher, distributor, etc | Palgave Macmillan, |
| Date of publication, distribution, etc | 2020. |
| 300 ## - PHYSICAL DESCRIPTION | |
| Extent | xiii, 305 p. : |
| Other physical details | ill. ; |
| Dimensions | 24 cm. |
| 504 ## - BIBLIOGRAPHY, ETC. NOTE | |
| Bibliography, etc | Includes bibliographical references (p. 243-266) and index. |
| 650 #0 - SUBJECT ADDED ENTRY--TOPICAL TERM | |
| Topical term or geographic name as entry element | International relations. |
| 650 #0 - SUBJECT ADDED ENTRY--TOPICAL TERM | |
| Topical term or geographic name as entry element | International relations |
| General subdivision | Research. |
| 700 ## - ADDED ENTRY--PERSONAL NAME | |
| Personal name | Pederson, B. Rasmus |
| 856 ## - ELECTRONIC LOCATION AND ACCESS | |
| Uniform Resource Identifier | <a href="http://bvbr.bib-bvb.de:8991/F?func=service&doc_library=BVB01&doc_number=024731464&line_number=0001&func_code=DB_RECORDS&service_type=MEDIA">http://bvbr.bib-bvb.de:8991/F?func=service&doc_library=BVB01&doc_number=024731464&line_number=0001&func_code=DB_RECORDS&service_type=MEDIA</a> |
| Public note | Table of contents |
| 906 ## - LOCAL DATA ELEMENT F, LDF (RLIN) | |
| a | 7 |
| b | cbc |
| c | copycat |
| d | 2 |
| e | ncip |
| f | 20 |
| g | y-gencatlg |
| 942 ## - ADDED ENTRY ELEMENTS (KOHA) | |
| Source of classification or shelving scheme | |
| Koha item type | Book |
| Withdrawn status | Lost status | Source of classification or shelving scheme | Damaged status | Not for loan | Home library | Current library | Shelving location | Date acquired | Total Checkouts | Total Renewals | Full call number | Barcode | Date last seen | Date checked out | Copy number | Price effective from | Koha item type |
|---|---|---|---|---|---|---|---|---|---|---|---|---|---|---|---|---|---|
| Riara University Library | Riara University Library | General stack | 12/11/2024 | 1 | 1 | JZ1242.B43 2020 | 10720/24 | 31/10/2025 | 30/09/2025 | C.1 | 14/11/2024 | Book | |||||
| Riara University Library | Riara University Library | General stack | 12/11/2024 | 1 | JZ1242.B43 2020 | 10721/24 | 02/12/2025 | 11/11/2025 | C.2 | 14/11/2024 | Book |
